[Event "ESP-ch U18"]
[Site "Salobrena"]
[Date "2020.08.22"]
[Round "9"]
[White "Morales Rejas, Oscar"]
[Black "Malon Insausti, Andres"]
[Result "1/2-1/2"]
[WhiteElo "1890"]
[BlackElo "2124"]
[PlyCount "60"]
[EventDate "2020.08.17"]
[EventType "swiss"]
[EventRounds "9"]
[EventCountry "ESP"]
[SourceTitle "CBM 197 Extra"]
[Source "ChessBase"]
[SourceDate "2020.09.30"]
[SourceVersion "1"]
[SourceVersionDate "2020.09.30"]
[SourceQuality "1"]

1. d4 Nf6 2. Nf3 c5 3. e3 d5 4. c4 e6 5. a3 Nc6 6. dxc5 a5 7. Nc3 Bxc5 8. Be2 0-0 9. 0-0 Bd6 10. b3 dxc4 11. Bxc4 e5 12. Nb5 Bb8 13. Qxd8 Rxd8 14. Ng5 Rf8 15. Bb2 h6 16. Nf3 Bg4 17. h3 Bf5 18. Rfd1 Bg6 19. Nd6 Bxd6 20. Rxd6 Rfe8 21. Bb5 Ne4 22. Rxc6 bxc6 23. Bxc6 Nc5 24. Bxa8 Rxa8 25. Nxe5 Nxb3 26. Rd1 Bf5 27. Nc6 Be6 28. Nd4 Nxd4 29. Bxd4 Rb8 30. Bc3 Rb3 1/2-1/2

[Event "ESP-ch U18"]
[Site "Salobrena"]
[Date "2020.08.21"]
[Round "7"]
[White "Malon Insausti, Andres"]
[Black "Del Carmen Hernandez, Aimer"]
[Result "1-0"]
[WhiteElo "2124"]
[BlackElo "2037"]
[PlyCount "67"]
[EventDate "2020.08.17"]
[EventType "swiss"]
[EventRounds "9"]
[EventCountry "ESP"]
[SourceTitle "CBM 197 Extra"]
[Source "ChessBase"]
[SourceDate "2020.09.30"]
[SourceVersion "1"]
[SourceVersionDate "2020.09.30"]
[SourceQuality "1"]

1. e4 c5 2. Nf3 Nc6 3. d4 cxd4 4. Nxd4 g6 5. c4 Bg7 6. Be3 Nf6 7. Nc3 Ng4 8. Qxg4 Nxd4 9. Qd1 Ne6 10. Be2 0-0 11. 0-0 d6 12. Qd2 a5 13. f4 Nc5 14. Rad1 Qe8 15. b3 b6 16. Bf3 Bb7 17. f5 Rd8 18. Bg5 Qd7 19. Qe3 Rfe8 20. h3 Bxc3 21. Qxc3 Nxe4 22. Bxe4 Bxe4 23. f6 e5 24. Bh6 Rc8 25. Bg5 Rcd8 26. Qg3 Ba8 27. Qh4 Kh8 28. Bh6 Re6 29. Bg7+ Kg8 30. Qh6 Qe8 31. Rf5 Rc8 32. Rh5 gxh5 33. Re1 Qc6 34. Re2 1-0

[Event "ESP-ch U18"]
[Site "Salobrena"]
[Date "2020.08.17"]
[Round "1"]
[White "Malon Insausti, Andres"]
[Black "Garcia Almeida, Aitana Maria"]
[Result "1-0"]
[WhiteElo "2124"]
[BlackElo "1773"]
[PlyCount "83"]
[EventDate "2020.08.17"]
[EventType "swiss"]
[EventRounds "9"]
[EventCountry "ESP"]
[SourceTitle "CBM 197 Extra"]
[Source "ChessBase"]
[SourceDate "2020.09.30"]
[SourceVersion "1"]
[SourceVersionDate "2020.09.30"]
[SourceQuality "1"]

1. e4 c5 2. Nf3 d6 3. d4 cxd4 4. Nxd4 Nf6 5. f3 a6 6. c4 e6 7. Nc3 Be7 8. Be3 Bd7 9. Be2 Nc6 10. Nc2 Rc8 11. Qd2 Ne5 12. b3 Qc7 13. a4 Nc6 14. 0-0 0-0 15. Rfc1 Na5 16. Rab1 d5 17. exd5 exd5 18. Nxd5 Nxd5 19. Qxd5 Be6 20. Qe4 Rfd8 21. Nd4 Rd6 22. Kh1 Bf6 23. Rd1 Qe7 24. c5 Rd5 25. b4 Re5 26. Qf4 Nc6 27. Nxc6 bxc6 28. Bxa6 Bd5 29. Bxc8 Rxe3 30. Bf5 g6 31. Be4 Bg5 32. Qb8+ Kg7 33. Bxd5 cxd5 34. c6 Rc3 35. b5 d4 36. Rxd4 Qa3 37. c7 Rc1+ 38. Rd1 Rxd1+ 39. Rxd1 Qxa4 40. Rg1 Bf4 41. c8Q Bxb8 42. Qxb8 1-0

[Event "ESP-ch U18"]
[Site "Salobrena"]
[Date "2019.07.25"]
[Round "6"]
[White "Malon Insausti, Andres"]
[Black "Toledo Sanz, Imanol"]
[Result "0-1"]
[WhiteElo "1926"]
[BlackElo "2120"]
[PlyCount "120"]
[EventDate "2019.07.22"]
[EventType "swiss"]
[EventRounds "9"]
[EventCountry "ESP"]
[SourceTitle "CBM 191 Extra"]
[Source "ChessBase"]
[SourceDate "2019.09.30"]
[SourceVersion "1"]
[SourceVersionDate "2019.09.30"]
[SourceQuality "1"]

1. d4 Nf6 2. Bf4 g6 3. Nf3 Bg7 4. e3 0-0 5. Bd3 d6 6. 0-0 Nbd7 7. Nbd2 Re8 8. Bg5 b6 9. c3 Bb7 10. e4 c5 11. Qe2 e5 12. a4 a6 13. Rac1 exd4 14. cxd4 cxd4 15. Nxd4 Nc5 16. Bc2 Qb8 17. Bxf6 Bxf6 18. N4f3 d5 19. b4 Nxe4 20. Qd3 Qf4 21. Bb3 Rad8 22. g3 Qd6 23. b5 Nc5 24. Qb1 axb5 25. axb5 Qd7 26. Bc2 d4 27. Bd3 Ra8 28. Rfe1 Qg4 29. Rxe8+ Rxe8 30. Re1 Rxe1+ 31. Nxe1 Nxd3 32. Qxd3 Qd1 33. Kf1 Bc8 34. Ndf3 Qxd3+ 35. Nxd3 Bd7 36. Ke1 Bxb5 37. Nb4 Be7 38. Nd5 Bc5 39. Ne5 Kg7 40. Kd2 h5 41. Nc7 Bd6 42. Nxb5 Bxe5 43. Kd3 f5 44. h3 h4 45. gxh4 Kh6 46. Na7 Kh5 47. Nc6 Bf6 48. Nb4 Kxh4 49. Nd5 Bg7 50. Ne7 Kg5 51. Nd5 b5 52. Nc7 Kh4 53. Nd5 Kxh3 54. Nf4+ Kg4 55. Nxg6 Kg5 56. Ne7 Kf4 57. Ng6+ Kf3 58. Nh4+ Kg4 59. Ng6 Bf6 60. Ke2 b4 0-1

[Event "ESP-ch U18"]
[Site "Salobrena"]
[Date "2019.07.24"]
[Round "5"]
[White "Marzo Pie, Xavier"]
[Black "Malon Insausti, Andres"]
[Result "1/2-1/2"]
[WhiteElo "2202"]
[BlackElo "1926"]
[PlyCount "81"]
[EventDate "2019.07.22"]
[EventType "swiss"]
[EventRounds "9"]
[EventCountry "ESP"]
[SourceTitle "CBM 191 Extra"]
[Source "ChessBase"]
[SourceDate "2019.09.30"]
[SourceVersion "1"]
[SourceVersionDate "2019.09.30"]
[SourceQuality "1"]

1. d4 Nf6 2. c4 e6 3. Nc3 Bb4 4. Qc2 0-0 5. a3 Bxc3+ 6. Qxc3 b5 7. cxb5 c6 8. Bg5 cxb5 9. e3 Bb7 10. Nf3 h6 11. Bh4 Nc6 12. Bxb5 g5 13. Bg3 Ne4 14. Qd3 Qa5+ 15. Ke2 Rfc8 16. Rhc1 Ne7 17. Kf1 Nf5 18. Kg1 d5 19. Qe2 Nfxg3 20. hxg3 Rc7 21. Rxc7 Qxc7 22. Ne5 Kg7 23. Qd1 Qb6 24. Qh5 Nd6 25. Qe2 Qxb5 26. Qh5 Qxb2 27. Rf1 Ba6 28. Re1 Qc2 29. f4 f6 30. fxg5 hxg5 31. e4 fxe5 32. Qxg5+ Kf7 33. Rc1 Qxc1+ 34. Qxc1 Rc8 35. Qh6 Nxe4 36. dxe5 Rg8 37. Qh5+ Rg6 38. Qh7+ Rg7 39. Qh5+ Ke7 40. g4 Bc4 41. Qh4+ 1/2-1/2

[Event "Euskadi-ch U18"]
[Site "Eibar"]
[Date "2019.04.24"]
[Round "2"]
[White "Toledo Sanz, Imanol"]
[Black "Malon Insausti, Andres"]
[Result "1-0"]
[WhiteElo "2142"]
[BlackElo "1854"]
[PlyCount "67"]
[EventDate "2019.04.23"]
[EventType "swiss"]
[EventRounds "7"]
[EventCountry "ESP"]
[SourceTitle "EXT 2020"]
[Source "ChessBase"]
[SourceDate "2019.10.17"]
[SourceVersion "1"]
[SourceVersionDate "2019.10.17"]
[SourceQuality "1"]

1. Nf3 Nf6 2. b3 d5 3. Bb2 c6 4. g3 Bf5 5. Bg2 Qd6 6. d4 g6 7. 0-0 Bg7 8. c4 0-0 9. Nbd2 Re8 10. Nh4 e6 11. h3 h5 12. Nhf3 Nfd7 13. Rc1 e5 14. dxe5 Nxe5 15. Nxe5 Bxe5 16. Bxe5 Qxe5 17. cxd5 cxd5 18. Nf3 Qxe2 19. Qxe2 Rxe2 20. Nd4 Rxa2 21. Nxf5 gxf5 22. Rc8+ Kg7 23. Bxd5 Nd7 24. Rxa8 Nb6 25. Bxb7 Nxa8 26. Bxa8 Rb2 27. Bd5 Ra2 28. Rc1 Rd2 29. Bc4 h4 30. gxh4 f4 31. Kg2 Ra2 32. Rd1 Kg6 33. Rd6+ f6 34. Ra6 1-0

[Event "Euskadi-ch U18"]
[Site "Eibar"]
[Date "2019.04.23"]
[Round "1"]
[White "Malon Insausti, Andres"]
[Black "Nichei, Anatoli"]
[Result "1-0"]
[WhiteElo "1854"]
[BlackElo "1463"]
[PlyCount "43"]
[EventDate "2019.04.23"]
[EventType "swiss"]
[EventRounds "7"]
[EventCountry "ESP"]
[SourceTitle "EXT 2020"]
[Source "ChessBase"]
[SourceDate "2019.10.17"]
[SourceVersion "1"]
[SourceVersionDate "2019.10.17"]
[SourceQuality "1"]

1. Nf3 Nc6 2. c4 e5 3. Nc3 Nf6 4. d3 Bc5 5. g3 d6 6. Bg2 Be6 7. 0-0 Qd7 8. a3 Ng4 9. b4 Bb6 10. Rb1 a6 11. Bd2 Ba7 12. a4 a5 13. bxa5 Nxa5 14. Ng5 Rb8 15. Nb5 Bb6 16. Qe1 c6 17. Nxd6+ Qxd6 18. Rxb6 Nxc4 19. dxc4 Bxc4 20. Ne4 Qd4 21. Rb4 c5 22. Bc3 1-0

[Event "Navarra-ch"]
[Site "Pamplona"]
[Date "2017.03.11"]
[Round "1"]
[White "Labiano Hernandez, Juan"]
[Black "Malon Insausti, Andres"]
[Result "0-1"]
[WhiteElo "1452"]
[BlackElo "1852"]
[PlyCount "64"]
[EventDate "2017.03.11"]
[EventType "swiss"]
[EventRounds "7"]
[EventCountry "ESP"]
[SourceTitle "EXT 2018"]
[Source "ChessBase"]
[SourceDate "2017.10.13"]
[SourceVersion "1"]
[SourceVersionDate "2017.10.13"]
[SourceQuality "1"]

1. e4 c5 2. f4 e6 3. Nf3 d5 4. Bb5+ Nc6 5. Qe2 Be7 6. 0-0 dxe4 7. Bxc6+ bxc6 8. Qxe4 Qc7 9. Ne5 Bb7 10. Nc3 Nf6 11. Qe2 Bd6 12. d3 Nd5 13. Ne4 Bxe5 14. fxe5 Qxe5 15. Qf2 0-0 16. Nxc5 Bc8 17. c4 Nf6 18. Bf4 Qh5 19. Qf3 Qxc5+ 20. Be3 Qh5 21. Qxc6 Bd7 22. Qd6 Rfd8 23. Qg3 Qg4 24. Qf2 Bc6 25. Rad1 Qg6 26. Qe2 Ng4 27. Bf4 Rd7 28. h3 Nf6 29. Be3 Rad8 30. d4 Ne4 31. Rf4 f5 32. Rdf1 Ng3 0-1

[Event "ESP-ch U14"]
[Site "Granada"]
[Date "2016.07.15"]
[Round "8"]
[White "Lin, Ying Rui"]
[Black "Malon Insausti, Andres"]
[Result "0-1"]
[WhiteElo "1901"]
[BlackElo "1714"]
[PlyCount "70"]
[EventDate "2016.07.11"]
[EventType "swiss"]
[EventRounds "9"]
[EventCountry "ESP"]
[SourceTitle "EXT 2024"]
[Source "ChessBase"]
[SourceDate "2023.10.10"]
[SourceVersion "1"]
[SourceVersionDate "2023.10.10"]
[SourceQuality "1"]

1. d4 d5 2. Nf3 c5 3. c3 cxd4 4. cxd4 Nf6 5. Bf4 Nc6 6. e3 Bf5 7. Nc3 e6 8. Bd3 Bxd3 9. Qxd3 Be7 10. g4 Nd7 11. h4 Nb6 12. g5 Rc8 13. a3 Nc4 14. Rb1 N6a5 15. Kf1 Qb6 16. b4 Nc6 17. b5 N6a5 18. a4 Na3 19. Rc1 Nb3 20. Rd1 Qa5 21. Nxd5 Nc1 22. Nc7+ Rxc7 23. Bxc7 Qxc7 24. Qe4 Nb3 25. Kg2 Nc4 26. h5 Qd7 27. d5 exd5 28. Rxd5 Nd6 29. Qb4 Qe6 30. Rhd1 Ne4 31. Qxb3 Qg4+ 32. Kf1 Qxf3 33. Qa2 Ng3+ 34. Ke1 Bb4+ 35. R1d2 Qh1# 0-1

[Event "ESP-ch U14"]
[Site "Granada"]
[Date "2016.07.14"]
[Round "6"]
[White "Malon Insausti, Andres"]
[Black "Villacorta Nicolas, David"]
[Result "1-0"]
[WhiteElo "1714"]
[BlackElo "2035"]
[PlyCount "58"]
[EventDate "2016.07.11"]
[EventType "swiss"]
[EventRounds "9"]
[EventCountry "ESP"]
[SourceTitle "EXT 2024"]
[Source "ChessBase"]
[SourceDate "2023.10.10"]
[SourceVersion "1"]
[SourceVersionDate "2023.10.10"]
[SourceQuality "1"]

1. e4 e5 2. Nf3 Nc6 3. Bb5 Bc5 4. Nxe5 Nxe5 5. d4 c6 6. Be2 Bd6 7. dxe5 Bxe5 8. f4 Bc7 9. Nc3 Ne7 10. Be3 b5 11. a3 Bb6 12. Qd3 Bxe3 13. Qxe3 Qb6 14. Qg3 0-0 15. Bd3 d5 16. 0-0-0 d4 17. Ne2 c5 18. c4 dxc3 19. Nxc3 b4 20. axb4 Qxb4 21. f5 Rb8 22. Rd2 Rd8 23. f6 Ng6 24. Nd5 Qb3 25. Ne7+ Kh8 26. Nc6 Be6 27. Nxd8 Rxd8 28. Bc2 Qb8 29. Rhd1 Qb7 1-0

[Event "Navarra-ch"]
[Site "Pamplona"]
[Date "2016.04.30"]
[Round "7"]
[White "Roviralta Montero, Axel"]
[Black "Malon Insausti, Andres"]
[Result "1-0"]
[WhiteElo "1952"]
[BlackElo "1566"]
[PlyCount "83"]
[EventDate "2016.03.05"]
[EventType "swiss"]
[EventRounds "8"]
[EventCountry "ESP"]
[SourceTitle "EXT 2018"]
[Source "ChessBase"]
[SourceDate "2017.10.13"]
[SourceVersion "1"]
[SourceVersionDate "2017.10.13"]
[SourceQuality "1"]

1. e4 e6 2. d4 d5 3. e5 c5 4. c3 Qb6 5. Nf3 Nc6 6. a3 f6 7. exf6 Nxf6 8. b4 cxb4 9. cxb4 Bd6 10. Bd3 0-0 11. Be3 Bd7 12. Nc3 Ne7 13. Qb3 Rae8 14. h3 Bb8 15. Rc1 Nh5 16. Ne2 a6 17. Ne5 Qd6 18. g4 Nf6 19. Bf4 Qb6 20. g5 Bxe5 21. Bxe5 Ne4 22. Bxe4 dxe4 23. Nf4 Nf5 24. g6 h6 25. Rc5 Nh4 26. Ke2 Nf3 27. Ke3 Nh4 28. Rhc1 Ng2+ 29. Kxe4 Bc6+ 30. Rxc6 bxc6 31. Nxg2 Rxf2 32. Nf4 Qb5 33. a4 Qb7 34. Ke3 Rh2 35. Qc4 Rb2 36. Nd3 Rg2 37. Qxc6 Qe7 38. Qxg2 Qh4 39. Qg4 Qd8 40. Rc7 Re7 41. Nc5 a5 42. Rxe7 1-0

[Event "Navarra-ch"]
[Site "Pamplona"]
[Date "2016.04.16"]
[Round "5"]
[White "Malon Insausti, Andres"]
[Black "Roldan Marques, Daniel"]
[Result "1-0"]
[WhiteElo "1566"]
[BlackElo "2168"]
[PlyCount "63"]
[EventDate "2016.03.05"]
[EventType "swiss"]
[EventRounds "8"]
[EventCountry "ESP"]
[SourceTitle "EXT 2018"]
[Source "ChessBase"]
[SourceDate "2017.10.13"]
[SourceVersion "1"]
[SourceVersionDate "2017.10.13"]
[SourceQuality "1"]

1. e4 e5 2. Nf3 Nc6 3. Bc4 Bc5 4. c3 Nf6 5. d4 exd4 6. cxd4 Bb4+ 7. Bd2 Bxd2+ 8. Nbxd2 d5 9. exd5 Nxd5 10. 0-0 0-0 11. Rc1 Nb6 12. Bb3 Bf5 13. Rc5 Bg6 14. Nc4 Nb4 15. Nfe5 Na6 16. Ra5 c6 17. Nxc6 Qc7 18. N6e5 Nxc4 19. Nxc4 Nb4 20. Rc5 Qd8 21. Ne5 Qd6 22. Nxg6 hxg6 23. Qd2 Nc6 24. Rd1 Rad8 25. Rd5 Qf6 26. Rxd8 Rxd8 27. d5 Ne5 28. h3 g5 29. Qb4 Rd6 30. Qxb7 g4 31. hxg4 Qf4 32. Qb8+ 1-0

[Event "Navarra-ch"]
[Site "Pamplona"]
[Date "2016.04.09"]
[Round "4"]
[White "Hernandez Barricarte, Miguel Angel"]
[Black "Malon Insausti, Andres"]
[Result "1/2-1/2"]
[WhiteElo "1898"]
[BlackElo "1566"]
[PlyCount "68"]
[EventDate "2016.03.05"]
[EventType "swiss"]
[EventRounds "8"]
[EventCountry "ESP"]
[SourceTitle "EXT 2018"]
[Source "ChessBase"]
[SourceDate "2017.10.13"]
[SourceVersion "1"]
[SourceVersionDate "2017.10.13"]
[SourceQuality "1"]

1. d4 d5 2. c4 c6 3. Nf3 Nf6 4. e3 a6 5. Bd3 b5 6. b3 Bg4 7. h3 Bxf3 8. Qxf3 e5 9. dxe5 bxc4 10. bxc4 dxc4 11. Bxc4 Qa5+ 12. Bd2 Qxe5 13. Nc3 Bd6 14. g3 0-0 15. 0-0 Nbd7 16. Rab1 Qg5 17. Be2 Ne5 18. Qg2 Ng6 19. Rfd1 Rad8 20. Bxa6 Qa5 21. Qxc6 Bb4 22. a3 Rxd2 23. axb4 Rxd1+ 24. Nxd1 Qf5 25. Nc3 Ne5 26. Qg2 Qc2 27. f4 Qxc3 28. fxe5 Qxe3+ 29. Kh1 Qxe5 30. Bb7 Rb8 31. Bc6 h6 32. b5 Qc5 33. Rb2 Nh7 34. Qf2 Qxf2 1/2-1/2

[Event "Mem Jose Luis Gorostidi 25th"]
[Site "Navarra"]
[Date "2015.03.21"]
[Round "3"]
[White "Malon Insausti, Andres"]
[Black "Dorregarai Iparaguirre, Leire"]
[Result "1/2-1/2"]
[WhiteElo "1492"]
[BlackElo "1263"]
[PlyCount "142"]
[EventDate "2015.03.21"]
[EventType "swiss (blitz)"]
[EventRounds "9"]
[EventCountry "ESP"]
[SourceTitle "EXT 2024"]
[Source "ChessBase"]
[SourceDate "2023.10.10"]
[SourceVersion "1"]
[SourceVersionDate "2023.10.10"]
[SourceQuality "1"]

1. e4 g6 2. d4 Bg7 3. f4 c5 4. Nf3 d6 5. Bc4 Nf6 6. e5 Nfd7 7. 0-0 0-0 8. e6 fxe6 9. Bxe6+ Kh8 10. c3 Nf6 11. Ng5 Qe8 12. Qb3 Bxe6 13. Nxe6 Qd7 14. Nxf8 Bxf8 15. dxc5 dxc5 16. Be3 Na6 17. Na3 Nd5 18. Rad1 Qe6 19. Qxd5 Qxe3+ 20. Kh1 Rb8 21. Qe5+ Qxe5 22. fxe5 b5 23. Nc2 b4 24. cxb4 cxb4 25. b3 Bg7 26. Nd4 Rc8 27. Ne6 Bxe5 28. Rd8+ Rxd8 29. Nxd8 Bf6 30. Nc6 Nc5 31. Nxa7 Nd3 32. Nc6 Kg7 33. Nd8 e5 34. Ne6+ Kf7 35. Ng5+ Kg7 36. Ne4 Be7 37. Rd1 Nc5 38. Nd2 Nd3 39. Nc4 Nf2+ 40. Kg1 Nxd1 41. Nxe5 Kf6 42. Nd3 Nc3 43. Nc1 Bc5+ 44. Kf1 Bd6 45. Kf2 Bxh2 46. g3 Ne4+ 47. Kf3 Kf5 48. g4+ Ke5 49. Nd3+ Kd5 50. Nxb4+ Kd4 51. Nc2+ Kd5 52. Nb4+ Kc5 53. Nd3+ Kd4 54. Ne1 Nc3 55. a4 Kc5 56. Nd3+ Kd5 57. Nb4+ Kc5 58. Nd3+ Kb6 59. Ke3 Nd5+ 60. Ke4 Nf6+ 61. Kf3 h5 62. gxh5 gxh5 63. Kg2 Bd6 64. Kh3 Ne4 65. Kh4 Nf6 66. Kg5 Be7 67. b4 Kc7 68. Nf4 Kd6 69. Nxh5 Nxh5+ 70. Kxh5 Kd5 71. b5 Kc5 1/2-1/2